000 00642nam a2200181Ia 4500
005 20250423101644.0
008 250422s9999 xx 000 0 und d
020 _a9780335205059
050 _aP 96.V52 .C37/
100 _aCarter, Cynthia
245 0 _aViolence and the media
260 _aPhiladelphia
260 _bOpen University Press
260 _c2003
300 _a206 p
650 _a Violence in mass media. Violence--United States. Mass media--Influence. Mass media--Moral and ethical aspects. Violence in mass media. Mass media--Influence. Mass media--Moral and ethical aspects.
942 _cBK
999 _c36886
_d36886